000 00787nam a2200217Ii 4500
003 JO-AjNU
008 230605s9999||||xx |||||||||||||| ||und||
017 _a2018/5/2587
040 _aJO-AjNU
_bara
_erda
_cJO-AjNU
041 _aara
050 1 4 _aDS36.88.A226 2018
100 3 _aعبد الخالق، غسان اسماعيل,
_eauthor
_958397
245 0 0 _aالثقافة والحياة العربية
264 3 1 _aعمان: وزارة الثقافة، 2018
300 _a117ص
336 _atext
_btxt
_2rdacontent
337 _aunmediated
_bn
_2rdamedia
338 _avolume
_bnc
_2rdacarrier
490 0 _aمكتبة الاسرة الاردنية/ مهرجان القراءة للجميع، 2018
650 4 _aالثقافة العربية-الحياه الفكرية
_958398
999 _aA26222
_c29790
_d29790